| 000 | 01286nam a2200325Ia 4500 | ||
|---|---|---|---|
| 001 | ebr10160293 | ||
| 003 | CaPaEBR | ||
| 006 | m u | ||
| 007 | cr cn||||||||| | ||
| 008 | 061030s2006 cau sb 001 0 eng d | ||
| 010 | _z 2006036352 | ||
| 020 | _z9780123725073 (alk. paper) | ||
| 020 | _z0123725070 (alk. paper) | ||
| 040 |
_aCaPaEBR _cCaPaEBR |
||
| 035 | _a(OCoLC)648132971 | ||
| 050 | 1 | 4 |
_aQA76.73.J38 _bB358 2006eb |
| 082 | 0 | 4 |
_a005.13/3 _222 |
| 100 | 1 |
_aBarclay, Kenneth A., _d1947- |
|
| 245 | 1 | 0 |
_aGroovy programming _h[electronic resource] : _ban introduction for Java developers / _cKenneth Barclay, John Savage. |
| 260 |
_aSan Francisco, CA : _bMorgan Kaufmann Publishers, _c2006. |
||
| 300 | _axix, 476 p. | ||
| 504 | _aIncludes bibliographical references and index. | ||
| 533 |
_aElectronic reproduction. _bPalo Alto, Calif. : _cebrary, _d2009. _nAvailable via World Wide Web. _nAccess may be limited to ebrary affiliated libraries. |
||
| 650 | 0 | _aJava (Computer program language) | |
| 650 | 0 | _aComputers. | |
| 655 | 7 |
_aElectronic books. _2local |
|
| 700 | 1 |
_aSavage, W. J. _q(W. John) |
|
| 710 | 2 | _aebrary, Inc. | |
| 856 | 4 | 0 |
_uhttp://site.ebrary.com/lib/rucke/Doc?id=10160293 _zAn electronic book accessible through the World Wide Web; click to view |
| 999 |
_c133567 _d133567 |
||